000 00762nam a2200205Ii 4500
003 JO-AjNU
008 230605s9999||||xx |||||||||||||| ||und||
040 _aJO-AjNU
_bara
_erda
_cJO-AjNU
041 _aara
050 1 4 _aBP131.6.Q356
100 3 _aقمحاوي، محمد الصادق,
_eauthor
_940073
245 0 0 _aالبرهان في تجويد القرآن ويليه رسالة في فضائل القرآن
250 _aط1
264 3 1 _aبيروت-القاهرة:دار ابن زيدون ، مكتبة الكليات الازهرية ،د.ت
300 _a118ص
336 _atext
_btxt
_2rdacontent
337 _aunmediated
_bn
_2rdamedia
338 _avolume
_bnc
_2rdacarrier
650 4 _aالقرآن -تجويد-القرآن-قراءات
_940074
999 _aA16976
_c20544
_d20544